1109 1399 1438 1038 1296 1740 1794 1312 1572 1639 1865 1504 1653 1368 1009 1049 1596 1625 1759 1046 1999 1870 1740 1344 1217 1577 1982 1791 1926 1552 1285 1054 1048 1917 1343 1862 1748 1133 1914 1799 1461 1212 1456 1077 1163 1317 1229 1330 1051 1084 1209 1737 1679 1445 1348 1723 1619 1252 1939 1456 1959 1551 1145 1465 1128 1592 1497 1295 1199 1769 1984 1356 1427 1676 1939 1468 1906 1084 1900 1247 1100 1366 1168 1774 1401 1915 1034 1987 1880 1827 1796 1715 1313 1752 1350 1241 1838 1047 1269 BCNSPRNW ULIB Ver.6.0+V

เปลี่ยนเป็นภาษาไทย

Change to English
 แสดงรายละเอียดบรรณานุกรม
  กลับหน้าหลัก

Brief Record : Get Marc (ISO 2709) : E-mail record : QR code < ปิดหน้าต่าง
LEADER : 00000nam 2200000uu 4500
001    13399112866
003     ULIB
008    110914s2552||||th 000 0 tha d
020    9786115000173
090    นว.^bณ429ร 2552
100 0  ณารา
245 00 รักร้าย/^cณารา
250    พิมพ์ครั้งที่ 4
260    กรุงเทพฯ :^bพิมพ์คำ,^c2552
300    532 หน้า
945    ^p320^l0^i16308
995    กัณชพร
999    ^aใช้งานได้ทุกระบบ
รายการนี้ยังไม่มีแท็ก
คุณยังไม่ได้ล็อกอิน คุณสามารถมีกิจกรรมร่วมกับเว็บไซต์ได้ แต่ต้องล็อกอินก่อน ::
  ล็อกอิน

รายการสื่อสารสนเทศ

ลำดับที่ ประเภท เลขเรียก/บาร์โค้ด สถานที่ สถานะ
1. นวนิยาย
นวนิยาย
นว. ณ429ร 2552  
  Barcode: 16308
ห้องสมุดวิทยาเขตสวรรค์ประชารักษ์
►นวนิยาย
บนชั้น
  ขอยืม

รายการใกล้เคียง
    ผู้แต่ง [ณารา]

BibComment


ยังไม่เคยถูกคอมเมนท์

คอมเมนท์ทรัพยากรรายการนี้
  คอมเมนท์: รักร้าย ณารา


 Copyright 2026. Bcnsprnw @Library